| 000 | 00641nam a2200241Ia 4500 | ||
|---|---|---|---|
| 005 | 20250425162116.0 | ||
| 008 | 250425s9999 xx 000 0 und d | ||
| 041 | _aeng | ||
| 082 | _a658.421 | ||
| 100 | _aHARVARD, BUSINESS REVIEW | ||
| 245 | 0 | _aHARVARD BUSINESS REVIEW ON ENTREPRENEURSHIP | |
| 250 | _aS.E. | ||
| 260 | _aBOSTON | ||
| 260 |
_aEstados Unidos _bHARVARD BUSINESS SCHOOL PRESS _c1999 |
||
| 300 | _a217 | ||
| 650 | _aADMINISTRACION EMPRESARIAL | ||
| 650 | _aESTRATEGIAS | ||
| 650 | _aFINANZAS | ||
| 650 | _aNEGOCIOS | ||
| 710 | _aHARVARD BUSINESS SCHOOL PUBLISHING CORPORATION | ||
| 942 | _c01 | ||
| 010 | _a50598 | ||
| 999 |
_c222505 _d222505 |
||